00556pab a2200169 454500008004000000100002600040245008600066260000900152300001000161362000900171650002600180700002200206773003100228909000900259999001500268952010300283180718b1988 xxu||||| |||| 00| 0 eng d aGrootaert, Christiaan aTenancy choice and the demand for rental housing in the cities of the Ivory Coast c1988 a44-63 aJuly aHousing - Ivory Coast aJean - Luc Dubois aJournal of Urban Economics a9947 c9947d9947 00104070aIIPAbIIPAd2018-07-19hVolume no: 24, Issue no: 1pAR9964r2018-07-19w2018-07-19yAR